000 00273nam a22001097a 4500
041 _aENG
245 _aA Bibliography Of Farm Bulidigs Research Part V
260 _aLandon
_bAgricultural Research Council
_c1961
300 _a43
650 _aAPE ( 02 )
856 _uAPE ( 02 )
999 _c2872
_d2872